ARRUPE JESUIT UNIVERSITY

CORONAVIRUS -STOP THE SPREAD - CLEAN,DISINFECT,COVER

The Experience of religious diversity / (Record no. 123493)

MARC details
000 -LEADER
fixed length control field 00841cam a2200265 a 4500
001 - CONTROL NUMBER
control field 2398593
003 - CONTROL NUMBER IDENTIFIER
control field ARRUPE
005 - DATE AND TIME OF LATEST TRANSACTION
control field 20151009125816.0
008 - FIXED-LENGTH DATA ELEMENTS--GENERAL INFORMATION
fixed length control field 851127s1985 enk b 000 0 eng
010 ## - LIBRARY OF CONGRESS CONTROL NUMBER
LC control number 85234011
020 ## - INTERNATIONAL STANDARD BOOK NUMBER
International Standard Book Number 056605020X
040 ## - CATALOGING SOURCE
Original cataloging agency DLC
Transcribing agency DLC
Modifying agency DLC
050 00 - LIBRARY OF CONGRESS CALL NUMBER
Classification number BL80.1
Item number .E96
082 00 - DEWEY DECIMAL CLASSIFICATION NUMBER
Classification number 291.1/72
Edition number 19
300 ## - PHYSICAL DESCRIPTION
Dimensions 23 cm.
245 04 - TITLE STATEMENT
Title The Experience of religious diversity /
Statement of responsibility, etc edited by John Hick and Hasan Askari.
260 ## - PUBLICATION, DISTRIBUTION, ETC. (IMPRINT)
Place of publication, distribution, etc Aldershot, Hants, England ;
-- Brookfield, Vt., U.S.A. :
Name of publisher, distributor, etc Gower,
Date of publication, distribution, etc c1985.
300 ## - PHYSICAL DESCRIPTION
Extent vi, 236 p. ;
440 #0 - SERIES STATEMENT/ADDED ENTRY--TITLE
Title Avebury series in philosophy
9 (RLIN) 19352
504 ## - BIBLIOGRAPHY, ETC. NOTE
Bibliography, etc Bibliography: p. 219-230.
650 #0 - SUBJECT ADDED ENTRY--TOPICAL TERM
Topical term or geographic name as entry element Religions.
9 (RLIN) 20209
700 1# - ADDED ENTRY--PERSONAL NAME
Personal name Hick, John,
Dates associated with a name 1922-2012.
9 (RLIN) 159
700 1# - ADDED ENTRY--PERSONAL NAME
Personal name Askari, Hasan.
9 (RLIN) 20210
906 ## - LOCAL DATA ELEMENT F, LDF (RLIN)
a 7
b cbc
c orignew
d 3
e ncip
f 19
g y-gencatlg
942 ## - ADDED ENTRY ELEMENTS (KOHA)
Source of classification or shelving scheme Library of Congress Classification
Koha item type Monograph ( Printed materials)
Holdings
Withdrawn status Lost status Source of classification or shelving scheme Damaged status Not for loan Collection code Home library Current library Shelving location Date acquired Total Checkouts Full call number Barcode Date last seen Price effective from Koha item type
    Library of Congress Classification     Main Collection ARRUPE LIBRARY ARRUPE LIBRARY Main Collection 09/10/2015   BL80.1E96 46500005529 09/10/2015 09/10/2015 Monograph ( Printed materials)

 

Arrupe Library. PO Box MP320 Mt Pleasant, Harare, Zimbabwe
263 242 745411|librarian@aju.ac.zw